000 01483cam a2200289 a 4500
001 000019630
005 20200929170101.0
008 500101s1969 sp 000 0 spa d
040 _aDO-SdBNP
_dEQO
_dBNPHU
082 _a918.92
_bA992v
100 1 _aAzara, Félix de,
_d1746-1821
_942068
245 1 0 _aViajes por la América Meridional /
_cFélix de Azara ; traducida del francés por Francisco de las Barras de Aragón.
260 _aMadrid :
_bEspasa-Calpe,
_c1969.
300 _a326 p. ;
_c20 cm.
490 1 _aAustral. Marrón: ciencia y técnica. Clásicos de la ciencia
_v1402
505 0 _aContienen la descripción geográfica, política y civil del Paraguay y del Río de la Plata; la historia del descubrimiento y conquista de estas regiones; detalles numerosos sobre su historia natural y sobre los pueblos salvajes que las habitan; el relato de los medios empleados por los Jesuitas para someter y civilizar a los indígenas, etc.
500 _aIncluye índice de autores.
650 4 _aHistoria natural
_zParaguay
_942069
651 4 _aRío De La Plata (Virreinato{Rpara}
_942070
650 4 _aIndígenas de paraguay
_942071
651 4 _aParaguay
_xDescripciones Y Viajes
_942072
651 4 _aAmérica
_xDescripciones Y Viajes
_9867
700 1 _aBarras de Aragón, Francisco de Las,
_d1868-1955,
_etr.
_942073
830 0 _aAustral. Marrón: ciencia y técnica. Clásicos de la ciencia ;
_v1402
_942074
910 _aCatalogación derivada /Oxford
910 _aWM
999 _c19146
_d19146